Magic in the Answers - Statistics

General Stats
  • This quiz has been taken 36,538 times
    12,619 since last reset
  • The average score is 11 of 18
Answer Stats
Clue Answer % Correct
How Aladdin gets around Magic carpet
98%
Wizard's weapon of choice Magic wand
97%
Genie prison Magic lamp
89%
Will tell you who is the fairest of them all Magic mirror
89%
What Jack traded his cow for (in the fairy tale) Magic beans
82%
"Please" The magic word
81%
Basketball player who announced he is HIV positive in 1991 Magic Johnson
79%
Channing Tatum movie Magic Mike
70%
What Puff was Magic dragon
66%
Part of Disney World Magic Kingdom
63%
Contains psilocybin Magic mushroom
59%
NBA basketball team Orlando Magic
51%
Witchcraft or necromancy, e.g. Black magic
48%
Reply hazy, try again Magic 8-Ball
46%
Mozart opera The Magic Flute
45%
Can bring a snowman to life Magic hat
44%
Box where all the rows and columns form words Magic square
24%
Quick-fix solution Magic bullet
8%
No matching quizzes found
Score Distribution
Percent of People with Each Score
Percentile by Number Answered
Your Score History
You have not taken this quiz since the last reset